| 000 | 00383nam a2200157 a 4500 | ||
|---|---|---|---|
| 005 | 20140414132125.0 | ||
| 008 | 131217s19uu xx 00 eng d | ||
| 020 | _a053105469 | ||
| 050 |
_aER _bYo34 1993 |
||
| 100 | _aRaschka, Chris | ||
| 245 | _aYo! Yes!. | ||
| 260 |
_aNew York : _bScholastic, Inc, _cc1993. |
||
| 300 | _a30 | ||
| 650 |
_aFriendship- _xfiction |
||
| 999 |
_c115187 _d115187 |
||